000 00307nam a2200145Ia 4500
100 _aWallace/Thomas F
942 _cBK
366 _f25
245 _aMaster scheduling in the 21st century
260 _bSPD
_c2003
082 _a658.5
_bWAL
300 _a206
546 _aENGLISH
_cInfo.Tech
999 _c28916
_d28916